000 00626nam a22002057a 4500
003 koha_MIRAKIL
005 20260415105633.0
008 260415b tur||||| |||| 00| 0 tur d
020 _a9786052856130
040 _aTR-IsEVY
_btur
_cTR-IsEVY
082 _aFIC ÖZT/S
100 _aÖztürk, Güzin
245 0 _aSüper koşucu /
_cGüzin Öztürk ; resimleyen Mavisu Demirağ.
260 _aİzmir :
_bTudem,
_c2021.
300 _a40 s. :
_brenkli resimli ;
_c19 cm.
490 0 _aTek Başıma Okuyorum.
650 _aÇocuk Edebiyatı.
_vÇocuk Hikayeleri.
700 1 _aDemirağ, Mavisu
_cresimleyen.
942 _2ddc
_cBK
999 _c23488
_d23488